| 000 | 00812nmm a2200265 a 4500 | ||
|---|---|---|---|
| 003 | AR-BaBNM | ||
| 005 | 20251128203659.0 | ||
| 008 | 137019s1965 ||||||||||||||000 | spa|| | ||
| 040 | _cAR-BaBNM | ||
| 100 | 1 | _aSimpson, Roy E. | |
| 245 | 1 | 0 | _aCursos propuestos para la enseñanza de artes industriales en las escuelas secundarias |
| 250 | _a2ª ed. | ||
| 260 |
_aMéxico, D.F. _bCentro Regional de Ayuda Técnica. Agencia para el Desarrollo Internacional _c1965 |
||
| 300 | 0 |
_a119 p. _bil. |
|
| 650 | 4 | _aENSENANZA TECNICA | |
| 650 | 4 | _aTRABAJO EN MADERA | |
| 650 | 4 | _aTRABAJO EN METAL | |
| 650 | 4 | _aARTES GRAFICAS | |
| 653 | 0 | _aTRABAJO MANUAL | |
| 653 | 0 | _aTALLERES EDUCATIVOS | |
| 700 | 1 |
_aConner, Jay Davis _etraductor |
|
| 700 | 1 |
_aFick, Samuel L. _eprologuista |
|
| 942 | _cBK | ||
| 998 | _cCarmen | ||
| 999 |
_c4460 _d4460 |
||